000 00603nam a2200229Ia 4500
003 OSt
005 20220924153507.0
006 a|||||r|||| 00| 0
007 ta
008 220923b |||||||| |||| 00| 0 hin d
024 _a350385
037 _cTextual
040 _aARTS
_cARTS
_bhin
041 _2hin
_ahin
082 _aO152, M6
100 _aPrasad Ratna Shankar Au.
_9228944
245 0 _aJayshankar Prasad ka sampurana katha sahitya
260 _c1986
650 _aHINDI LANGUAGE
942 _hO152, M6
_cTEXL
_2CC
999 _c473756
_d473756